Abraham Cowley, sa vie, son oeuvre / (Record no. 83581)
[ view plain ]
| 000 -LEADER | |
|---|---|
| fixed length control field | 00671cam5a220021700 4500 |
| 001 - CONTROL NUMBER | |
| control field | qcf00528126 |
| 005 - DATE AND TIME OF LATEST TRANSACTION | |
| control field | 20190816094820.0 |
| 008 - FIXED-LENGTH DATA ELEMENTS--GENERAL INFORMATION | |
| fixed length control field | 810323s1931 fr b 000 0 fre d |
| 035 ## - SYSTEM CONTROL NUMBER | |
| System control number | (Sirsi) r125336 |
| 035 ## - SYSTEM CONTROL NUMBER | |
| System control number | (QCAT)lss03017100 |
| 035 ## - SYSTEM CONTROL NUMBER | |
| System control number | (UPRA)qcf00528126 |
| 040 ## - CATALOGING SOURCE | |
| Modifying agency | UPRA |
| 050 ## - LIBRARY OF CONGRESS CALL NUMBER | |
| Classification number | PR3373 |
| Item number | .L6 |
| 100 1# - MAIN ENTRY--PERSONAL NAME | |
| Personal name | Loiseau, Jean. |
| Linkage | A93646.1 |
| 245 10 - TITLE STATEMENT | |
| Title | Abraham Cowley, sa vie, son oeuvre / |
| Statement of responsibility, etc. | par Jean Loiseau. |
| 260 ## - PUBLICATION, DISTRIBUTION, ETC. | |
| Place of publication, distribution, etc. | Paris : |
| Name of publisher, distributor, etc. | H. Didier, |
| Date of publication, distribution, etc. | 1931. |
| 504 ## - BIBLIOGRAPHY, ETC. NOTE | |
| Bibliography, etc. note | Bibliography: p. [655]-687. |
| 600 10 - SUBJECT ADDED ENTRY--PERSONAL NAME | |
| Personal name | Cowley, Abraham, 1618-1667. |
| Dates associated with a name | Cowley, Abraham, 1618-1667. |
| Linkage | S67198.1 |
| 949 ## - LOCAL PROCESSING INFORMATION (OCLC) | |
| a | PR3373 |
| w | lcc |
| i | -179936 |
| m | MAIN |
| t | BOOK |
| l | ON-SHELF |
No items available.